Tiempo del pan amarillo / (Record no. 173725)

MARC details
000 -LEADER
campo de control de longitud fija 00766 am a2200229 4500
001 - NÚMERO DE CONTROL
campo de control 173725
003 - IDENTIFICADOR DE NÚMERO DE CONTROL
campo de control ES-MaACL
005 - FECHA Y HORA DE LA ÚLTIMA TRANSACCIÓN
campo de control 20240202063020.0
008 - DATOS DE LONGITUD FIJA--INFORMACIÓN GENERAL
campo de control de longitud fija 100113s2009 sp a | |||||||| | spa d
020 ## - NÚMERO INTERNACIONAL ESTÁNDAR DEL LIBRO
Número Internacional Estándar del Libro 978-84-7789-264-9
040 ## - FUENTE DE CATALOGACIÓN
Centro catalogador/agencia de origen SpMaBN
080 ## - NÚMERO DE LA CLASIFICACIÓN DECIMAL UNIVERSAL
Número de la Clasificación Decimal Universal 821.134.2-14"19"
100 1# - ENTRADA PRINCIPAL--NOMBRE DE PERSONA
Nombre de persona García-Herraiz Pérez, Enrique,
Fechas asociadas al nombre 1927-
9 (RLIN) 235001
245 10 - MENCIÓN DEL TÍTULO
Título Tiempo del pan amarillo /
Mención de responsabilidad, etc. Enrique García-Herráiz Pérez.
250 ## - MENCION DE EDICION
Mención de edición 1ª ed.
260 ## - PUBLICACIÓN, DISTRIBUCIÓN, ETC.
Lugar de publicación, distribución, etc. Ciudad Real :
Nombre del editor, distribuidor, etc. Diputación Provincial de Ciudad Real, Área de Cultura,
Fecha de publicación, distribución, etc. 2009.
300 ## - DESCRIPCIÓN FÍSICA
Extensión 60 p. :
Otras características físicas il. ;
Dimensiones 21 cm.
490 1# - MENCIÓN DE SERIE
Mención de serie Colección Literaria Ojo de pez ;
Designación de volumen o secuencia 77
830 0# - PUNTO DE ACCESO ADICIONAL DE SERIE-TÍTULO UNIFORME
Título uniforme Colección Literaria Ojo de pez ;
Designación de volumen o secuencia 77
9 (RLIN) 223592
852 ## - LOCALIZACIÓN
Ubicación ES-MaACL
Número de control de estantería L-8720
Holdings
Estatus retirado Estado de pérdida Estado de daño No para préstamo Biblioteca de origen Biblioteca actual Ubicación en estantería Fecha de adquisición Fuente de adquisición Total de préstamos Signatura topográfica completa Código de barras Visto por última vez Precio de reemplazo Tipo de ítem Koha
        Biblioteca del Ateneo de Madrid Biblioteca del Ateneo de Madrid Depósito 2 13/01/2010     L-8720 1182354 23/02/2023 23/02/2023 Libro impreso